|
|
|
|
| LEADER |
00000nab#a22000007a#4500 |
| 001 |
arbauad020470 |
| 003 |
AR-BaUAD |
| 005 |
20250711111802.0 |
| 008 |
960718|||||||||###||||||b###|0###a|spa|| |
| 040 |
|
|
|a AR-BaUAD
|c AR-BaUAD
|b spa
|
| 245 |
|
|
|a Die Farben unterstreichen die FormenEigenständige Handschrift /
|
| 300 |
0 |
|
|b fot.
|
| 500 |
|
|
|a Objetos de vidrio esmaltado y opalinado.
|
| 653 |
|
|
|a ITALIA
|
| 653 |
|
|
|a FABIANI, CECILIA
|
| 653 |
|
|
|a IOSA GHINI, MASSIMO
|
| 653 |
|
|
|a MATERIALES
|
| 653 |
|
|
|a VIDRIO
|
| 653 |
|
|
|a JARRAS
|
| 653 |
|
|
|a VASOS
|
| 653 |
|
|
|a FLOREROS
|
| 653 |
|
|
|a ADORNOS
|
| 653 |
|
|
|a DISEÑO INDUSTRIAL
|
| 773 |
0 |
|
|t MD moebel design
|g no. 8 [1993], p. 70-72
|
| 942 |
|
|
|c ARTI
|
| 952 |
|
|
|0 0
|1 0
|4 0
|7 0
|9 65389
|a AR-BAuAD
|b AR-BAuAD
|d 2025-07-11
|l 0
|p AAQA020470
|r 2025-07-11 11:18:02
|w 2025-07-11
|y ARTI
|
| 990 |
|
|
|a DI199
|b TD
|
| 998 |
|
|
|a AAQ
|b BIBUN76
|
| 999 |
|
|
|c 45062
|d 45062
|